| 000 | 01500cam a2200361 a 4500 | ||
|---|---|---|---|
| 001 | EDZ0000067662 | ||
| 003 | StDuBDS | ||
| 005 | 20161031105102.0 | ||
| 006 | m||||||||d|||||||| | ||
| 007 | cr ||||||||||| | ||
| 008 | 120405s2005 caua fo| 001|0|eng d | ||
| 020 |
_a9781452204505 (ebook) : _cNo price |
||
| 040 |
_aStDuBDS _beng _cStDuBDS _epn |
||
| 049 | _aAlfaisal Main Library | ||
| 050 | 0 |
_aBF637.B4 _bS89 2005 |
|
| 082 | 0 | 4 |
_a153.85 _223 |
| 100 | 1 |
_aSundel, Martin, _d1940- |
|
| 245 | 1 | 0 |
_aBehavior change in the human services _h[electronic resource] : _bbehavioral and cognitive principles and applications / _cMartin Sundel, Sandra S. Sundel. |
| 250 | _a5th ed. | ||
| 260 |
_aThousand Oaks, Calif. ; _aLondon : _bSAGE, _cc2005. |
||
| 300 |
_a1 online resource (xx, 380 p.) : _bill. |
||
| 504 | _aIncludes bibliographical references and indexes. | ||
| 520 | 8 | _aA systematic introduction & overview of behavioral & cognitive principles & their applications to a wide range of problems & situations encountered in the human service professions. | |
| 521 | _aSpecialized. | ||
| 588 | _aDescription based on print version record. | ||
| 650 | 0 |
_aBehavior modification _vTextbooks. |
|
| 655 | 7 |
_aElectronic books. _2local |
|
| 700 | 1 |
_aSundel, Sandra Stone, _d1948- |
|
| 710 | 2 | _aSage eBooks | |
| 776 | 0 | 8 |
_iPrint version : _z9780761988700 |
| 856 | 4 | 0 | _uhttp://ezproxy.alfaisal.edu/login?url=http://sk.sagepub.com/books/behavior-change-in-the-human-services-5e |
| 942 |
_2lcc _cEBOOKS |
||
| 999 |
_c479064 _d479064 |
||